<?xml version="1.0" encoding="UTF-8"?>
<record
    xmlns:xsi="http://www.w3.org/2001/XMLSchema-instance"
    xsi:schemaLocation="http://www.loc.gov/MARC21/slim http://www.loc.gov/standards/marcxml/schema/MARC21slim.xsd"
    xmlns="http://www.loc.gov/MARC21/slim">

  <leader>01558nam2a2200241   4500</leader>
  <controlfield tag="001">RU\NLR\PER_A\010495945_000070</controlfield>
  <controlfield tag="005">20250626080957.0</controlfield>
  <datafield tag="035" ind1=" " ind2=" ">
    <subfield code="a">(NLR Aleph) 011498922</subfield>
  </datafield>
  <datafield tag="090" ind1=" " ind2=" ">
    <subfield code="a">11986711</subfield>
    <subfield code="c">11986711</subfield>
  </datafield>
  <datafield tag="100" ind1=" " ind2=" ">
    <subfield code="a">20171018d2017    |||y0rusy50      ca</subfield>
  </datafield>
  <datafield tag="101" ind1="0" ind2=" ">
    <subfield code="a">rus</subfield>
  </datafield>
  <datafield tag="102" ind1=" " ind2=" ">
    <subfield code="a">RU</subfield>
  </datafield>
  <datafield tag="200" ind1="1" ind2=" ">
    <subfield code="a">&#x41F;&#x43E;&#x43B;&#x438;&#x44D;&#x43B;&#x435;&#x43A;&#x442;&#x440;&#x43E;&#x43B;&#x438;&#x442;&#x44B;-2016</subfield>
  </datafield>
  <datafield tag="210" ind1=" " ind2=" ">
    <subfield code="d">2017</subfield>
    <subfield code="a">&#x411;. &#x43C;.</subfield>
  </datafield>
  <datafield tag="461" ind1=" " ind2="0">
    <subfield code="1">001RU\NLR\Per\1071658</subfield>
    <subfield code="1">2001#$a&#x412;&#x44B;&#x441;&#x43E;&#x43A;&#x43E;&#x43C;&#x43E;&#x43B;&#x435;&#x43A;&#x443;&#x43B;&#x44F;&#x440;&#x43D;&#x44B;&#x435; &#x441;&#x43E;&#x435;&#x434;&#x438;&#x43D;&#x435;&#x43D;&#x438;&#x44F;$h&#x421;&#x435;&#x440;&#x438;&#x44F; &#x421;$e&#x436;&#x443;&#x440;&#x43D;&#x430;&#x43B; &#x442;&#x435;&#x43E;&#x440;&#x435;&#x442;&#x438;&#x447;&#x435;&#x441;&#x43A;&#x43E;&#x439; &#x438; &#x44D;&#x43A;&#x441;&#x43F;&#x435;&#x440;&#x438;&#x43C;&#x435;&#x43D;&#x442;&#x430;&#x43B;&#x44C;&#x43D;&#x43E;&#x439; &#x445;&#x438;&#x43C;&#x438;&#x438; &#x438; &#x444;&#x438;&#x437;&#x438;&#x43A;&#x438; &#x432;&#x44B;&#x441;&#x43E;&#x43A;&#x43E;&#x43C;&#x43E;&#x43B;&#x435;&#x43A;&#x443;&#x43B;&#x44F;&#x440;&#x43D;&#x44B;&#x445; &#x441;&#x43E;&#x435;&#x434;&#x438;&#x43D;&#x435;&#x43D;&#x438;&#x439;$e&#x436;&#x443;&#x440;&#x43D;&#x430;&#x43B; &#x420;&#x43E;&#x441;&#x441;&#x438;&#x439;&#x441;&#x43A;&#x43E;&#x439; &#x430;&#x43A;&#x430;&#x434;&#x435;&#x43C;&#x438;&#x438; &#x43D;&#x430;&#x443;&#x43A;$f&#x420;&#x43E;&#x441;. &#x430;&#x43A;&#x430;&#x434;. &#x43D;&#x430;&#x443;&#x43A;$v&#x422;. 59, &#x2116; 1</subfield>
    <subfield code="9">10118770</subfield>
    <subfield code="c">&#x41C;&#x43E;&#x441;&#x43A;&#x432;&#x430;</subfield>
    <subfield code="d">2014 -</subfield>
    <subfield code="f">&#x420;&#x43E;&#x441;. &#x430;&#x43A;&#x430;&#x434;. &#x43D;&#x430;&#x443;&#x43A;</subfield>
    <subfield code="h">&#x421;&#x435;&#x440;&#x438;&#x44F; &#x421;</subfield>
    <subfield code="n">&#x41D;&#x430;&#x443;&#x43A;&#x430;</subfield>
    <subfield code="o">&#x436;&#x443;&#x440;&#x43D;&#x430;&#x43B; &#x442;&#x435;&#x43E;&#x440;&#x435;&#x442;&#x438;&#x447;&#x435;&#x441;&#x43A;&#x43E;&#x439; &#x438; &#x44D;&#x43A;&#x441;&#x43F;&#x435;&#x440;&#x438;&#x43C;&#x435;&#x43D;&#x442;&#x430;&#x43B;&#x44C;&#x43D;&#x43E;&#x439; &#x445;&#x438;&#x43C;&#x438;&#x438; &#x438; &#x444;&#x438;&#x437;&#x438;&#x43A;&#x438; &#x432;&#x44B;&#x441;&#x43E;&#x43A;&#x43E;&#x43C;&#x43E;&#x43B;&#x435;&#x43A;&#x443;&#x43B;&#x44F;&#x440;&#x43D;&#x44B;&#x445; &#x441;&#x43E;&#x435;&#x434;&#x438;&#x43D;&#x435;&#x43D;&#x438;&#x439; : &#x436;&#x443;&#x440;&#x43D;&#x430;&#x43B; &#x420;&#x43E;&#x441;&#x441;&#x438;&#x439;&#x441;&#x43A;&#x43E;&#x439; &#x430;&#x43A;&#x430;&#x434;&#x435;&#x43C;&#x438;&#x438; &#x43D;&#x430;&#x443;&#x43A;</subfield>
    <subfield code="t">&#x412;&#x44B;&#x441;&#x43E;&#x43A;&#x43E;&#x43C;&#x43E;&#x43B;&#x435;&#x43A;&#x443;&#x43B;&#x44F;&#x440;&#x43D;&#x44B;&#x435; &#x441;&#x43E;&#x435;&#x434;&#x438;&#x43D;&#x435;&#x43D;&#x438;&#x44F;</subfield>
    <subfield code="x">2308-1147</subfield>
    <subfield code="v">&#x422;. 59, &#x2116; 1</subfield>
  </datafield>
  <datafield tag="606" ind1="1" ind2=" ">
    <subfield code="a">&#x41F;&#x43E;&#x43B;&#x438;&#x44D;&#x43B;&#x435;&#x43A;&#x442;&#x440;&#x43E;&#x43B;&#x438;&#x442;&#x44B;</subfield>
    <subfield code="j">&#x421;&#x44A;&#x435;&#x437;&#x434;&#x44B;, &#x441;&#x43E;&#x432;&#x435;&#x449;&#x430;&#x43D;&#x438;&#x44F; &#x438; &#x442;.&#x43F;</subfield>
    <subfield code="9">954745</subfield>
    <subfield code="3">RU\NLR\AUTH\6636651</subfield>
  </datafield>
  <datafield tag="686" ind1="1" ind2=" ">
    <subfield code="a">&#x413;713&#x44F;431(0)</subfield>
  </datafield>
  <datafield tag="852" ind1=" " ind2=" ">
    <subfield code="a">NLR</subfield>
    <subfield code="j">&#x41F;8/1852</subfield>
  </datafield>
  <datafield tag="942" ind1=" " ind2=" ">
    <subfield code="c">ISSUE</subfield>
  </datafield>
  <datafield tag="980" ind1=" " ind2=" ">
    <subfield code="a">NB</subfield>
  </datafield>
  <datafield tag="980" ind1=" " ind2=" ">
    <subfield code="a">RUSPER</subfield>
  </datafield>
</record>
